[Event "GER-ch Seniors Gp-B 18th"]
[Site "Dresden"]
[Date "2006.07.30"]
[Round "9"]
[White "Gaebler, Hans Werner"]
[Black "Krause, Otto"]
[Result "1/2-1/2"]
[WhiteElo "1598"]
[BlackElo "1557"]
[PlyCount "44"]
[EventDate "2006.07.22"]
[EventType "swiss"]
[EventRounds "9"]
[EventCountry "GER"]
[SourceTitle "EXT 2022"]
[Source "ChessBase"]
[SourceDate "2021.10.06"]
[SourceVersion "1"]
[SourceVersionDate "2021.10.06"]
[SourceQuality "1"]

1. d4 Nf6 2. Nf3 g6 3. Nc3 Bg7 4. e4 d6 5. Bd3 0-0 6. 0-0 Nbd7 7. Bf4 Nh5 8. Be3 c5 9. Qd2 cxd4 10. Nxd4 Ne5 11. f3 Nxd3 12. cxd3 Re8 13. Nde2 e6 14. g4 Nf6 15. Bg5 Qb6+ 16. Be3 Qa5 17. a3 b5 18. b4 Qa6 19. Nd4 Bd7 20. Nb3 Rec8 21. Rfc1 Ne8 22. d4 Rc7 1/2-1/2

[Event "GER-ch Seniors Gp-B 18th"]
[Site "Dresden"]
[Date "2006.07.28"]
[Round "7"]
[White "Sotter, Gerlinde"]
[Black "Krause, Otto"]
[Result "1/2-1/2"]
[WhiteElo "1633"]
[BlackElo "1557"]
[PlyCount "45"]
[EventDate "2006.07.22"]
[EventType "swiss"]
[EventRounds "9"]
[EventCountry "GER"]
[SourceTitle "EXT 2022"]
[Source "ChessBase"]
[SourceDate "2021.10.06"]
[SourceVersion "1"]
[SourceVersionDate "2021.10.06"]
[SourceQuality "1"]

1. d4 Nf6 2. c4 g6 3. Nc3 d6 4. e4 Bg7 5. Nf3 0-0 6. Be2 c6 7. 0-0 Nbd7 8. Re1 e5 9. h3 exd4 10. Nxd4 Re8 11. Bf1 Nc5 12. Bd3 Qb6 13. Nf3 Nfd7 14. Qc2 Qc7 15. Bf4 Nxd3 16. Qxd3 Ne5 17. Nxe5 dxe5 18. Be3 f5 19. Rad1 Be6 20. b3 Rad8 21. Qc2 f4 22. Bc1 Qc8 23. f3 1/2-1/2

[Event "GER-ch Seniors Gp-B 18th"]
[Site "Dresden"]
[Date "2006.07.27"]
[Round "6"]
[White "Krause, Otto"]
[Black "Schubert, Heinz"]
[Result "1/2-1/2"]
[WhiteElo "1557"]
[BlackElo "1570"]
[PlyCount "40"]
[EventDate "2006.07.22"]
[EventType "swiss"]
[EventRounds "9"]
[EventCountry "GER"]
[SourceTitle "EXT 2022"]
[Source "ChessBase"]
[SourceDate "2021.10.06"]
[SourceVersion "1"]
[SourceVersionDate "2021.10.06"]
[SourceQuality "1"]

1. d4 d5 2. Nc3 e6 3. e4 dxe4 4. Nxe4 Nf6 5. Bg5 Be7 6. Bxf6 Bxf6 7. c3 0-0 8. Qc2 b6 9. Bd3 h6 10. Nf3 Bb7 11. h4 Be7 12. Qb3 Nd7 13. 0-0-0 Nf6 14. Qc2 Nxe4 15. Bxe4 Bxe4 16. Qxe4 Qd5 17. Qxd5 exd5 18. Ne5 Bd6 19. Nc6 a5 20. Rde1 Rfe8 1/2-1/2